[Event "Niederoesterreich Landesliga 1920"]
[Site "Austria"]
[Date "2019.11.24"]
[Round "4.4"]
[White "Wadsack, Wolfgang"]
[Black "Haider, Johann"]
[Result "1-0"]
[WhiteElo "2137"]
[BlackElo "1865"]
[PlyCount "121"]
[EventDate "2019.09.22"]
[EventType "team-tourn"]
[EventRounds "9"]
[EventCountry "AUT"]
[SourceTitle "CBM 195 Extra"]
[Source "ChessBase"]
[SourceDate "2020.05.31"]
[SourceVersion "1"]
[SourceVersionDate "2020.05.31"]
[SourceQuality "1"]
[WhiteTeam "Amstetten"]
[BlackTeam "Bisamberg/Korneuburg"]
[WhiteTeamCountry "AUT"]
[BlackTeamCountry "AUT"]

1. e4 d6 2. d4 g6 3. Nc3 Nf6 4. f3 c6 5. Be3 Nbd7 6. Qd2 b5 7. a4 b4 8. Nd1 a5 9. Nh3 Bg7 10. Bh6 0-0 11. Nhf2 e5 12. dxe5 dxe5 13. Bxg7 Kxg7 14. Ne3 Nb6 15. Bd3 Be6 16. 0-0 Qe7 17. b3 Rfd8 18. g4 c5 19. c4 bxc3 20. Qxc3 Qd6 21. Rac1 Qd4 22. Bb5 Rac8 23. Rfe1 Qxc3 24. Rxc3 Rd2 25. Rec1 Nfd7 26. Nd3 Kf6 27. Nxc5 Nxc5 28. Rxc5 Rxc5 29. Rxc5 Kg5 30. Ng2 Rd1+ 31. Kf2 Bxb3 32. Rxe5+ Kf6 33. Rc5 Nxa4 34. Bxa4 Bxa4 35. Rxa5 Bd7 36. Nf4 h6 37. Ra7 Bb5 38. Nd5+ Kg7 39. Nc3 Rf1+ 40. Kg2 Bc4 41. Rc7 Ba6 42. e5 Re1 43. Ne4 Bd3 44. Nd6 Rxe5 45. Nxf7 Re2+ 46. Kg3 Kf6 47. Nxh6 Rb2 48. h4 Rb3 49. Rc6+ Ke5 50. Nf7+ Kd5 51. Rd6+ Kc5 52. Rd8 Be4 53. Ng5 Bb1 54. Ne6+ Kc4 55. Rd4+ Kc3 56. Rd6 Kc4 57. Kf4 Ra3 58. Ng5 Kc5 59. Rf6 Kd5 60. Ne4 Bxe4 61. fxe4+ 1-0

[Event "Niederoesterreich Landesliga 1415"]
[Site "Austria"]
[Date "2015.01.18"]
[Round "7.2"]
[White "Stadler, Peter"]
[Black "Haider, Johann"]
[Result "1-0"]
[WhiteElo "2147"]
[BlackElo "1849"]
[PlyCount "61"]
[EventDate "2014.10.05"]
[EventType "team-tourn"]
[EventRounds "11"]
[EventCountry "AUT"]
[SourceTitle "EXT 2016"]
[Source "ChessBase"]
[SourceDate "2015.10.08"]
[SourceVersion "1"]
[SourceVersionDate "2015.10.08"]
[SourceQuality "1"]
[WhiteTeam "Zwettl II"]
[BlackTeam "Bisamberg/Korneuburg"]
[WhiteTeamCountry "AUT"]
[BlackTeamCountry "AUT"]

1. d4 Nf6 2. Nf3 g6 3. c4 Bg7 4. g3 0-0 5. Bg2 d6 6. 0-0 Nbd7 7. Nc3 c6 8. h3 e5 9. e4 a5 10. Be3 Qe7 11. Qc2 exd4 12. Nxd4 Re8 13. Rfe1 Nc5 14. Rad1 Qc7 15. f4 a4 16. Bf2 Nh5 17. Ndb5 cxb5 18. Nxb5 Qa5 19. Nxd6 Rd8 20. e5 Bf8 21. Rd5 Bxd6 22. exd6 b6 23. Re7 Be6 24. Rxh5 gxh5 25. f5 Bc8 26. Bd5 Rxd6 27. Re8+ Kg7 28. Bd4+ Rf6 29. Qc1 h6 30. Bxf6+ Kxf6 31. Qxh6+ 1-0

[Event "Niederoesterreich Landesliga 0506"]
[Site "Austria"]
[Date "2005.11.27"]
[Round "6"]
[White "Posch, Werner"]
[Black "Haider, Johann"]
[Result "1-0"]
[WhiteElo "2206"]
[BlackElo "1931"]
[PlyCount "77"]
[EventDate "2005.09.18"]
[EventType "team-tourn"]
[EventRounds "13"]
[EventCountry "AUT"]
[SourceTitle "EXT 2022"]
[Source "ChessBase"]
[SourceDate "2021.10.06"]
[SourceVersion "1"]
[SourceVersionDate "2021.10.06"]
[SourceQuality "1"]

1. e4 g6 2. Nc3 Bg7 3. f4 d6 4. Bc4 c5 5. Nf3 Nc6 6. 0-0 e6 7. d3 Nge7 8. Qe1 0-0 9. f5 exf5 10. Qh4 h5 11. Bg5 Qc7 12. h3 Be6 13. g4 fxg4 14. Bxe6 fxe6 15. hxg4 Nd4 16. Nxd4 Bxd4+ 17. Kg2 Nc6 18. Nb5 Qh7 19. Nxd6 Rxf1 20. Rxf1 Rf8 21. Rxf8+ Kxf8 22. gxh5 gxh5 23. Qf4+ Kg8 24. Nc4 Qg6 25. c3 Bg7 26. Kh3 b5 27. Nd2 Be5 28. Qe3 b4 29. Nf3 bxc3 30. bxc3 Bxc3 31. Qxc5 Qf7 32. Kg2 Bf6 33. Bxf6 Qxf6 34. Qxc6 Qg6+ 35. Kf2 h4 36. Nxh4 Qf6+ 37. Nf3 Qb2+ 38. Ke3 Qxa2 39. Ng5 1-0